| 000 | 00700nam a2200301Ia 4500 | ||
|---|---|---|---|
| 005 | 20260330160937.0 | ||
| 008 | 008 300114s9999 xx 000 0 eng d | ||
| 020 | _a9781260569544 | ||
| 037 | _aEBOOK | ||
| 040 | _aCRL | ||
| 040 | _beng | ||
| 040 | _cCRL | ||
| 041 | _2eng | ||
| 041 | _aeng | ||
| 084 | _qCRL | ||
| 100 | _aULRICH | ||
| 245 | 0 | _aEBOOK PRODUCT DESIGN & DEVELOPMENT | |
| 250 | _a7 | ||
| 260 | _bMcgraw Hill | ||
| 260 | _c2019 | ||
| 365 | _aINR | ||
| 365 | _b122400 | ||
| 650 | _aMarketing | ||
| 856 | _uhttps://resolver.vitalsource.com/9781260569544/?brand=mcgrawhillindia.vitalsource.com | ||
| 942 | _cEBOOK | ||
| 999 |
_c1844389 _d1844389 |
||